Technologie automatizovaného zpracování faktografických informací 2 přehled prostředků SÚTZ pro realizaci AFIS : dodatky k pořízování vstupních dat metodou OCH : konverze a formálne logické kontroly vstupních dat : komunikace s bankou dat SESAM

Salvato in:
Dettagli Bibliografici
Autore principale: Jančařík, Miloslav
Altri autori: Nykl, Tomáš
Natura: Libro
Lingua:ceco
Pubblicazione: Praha Ústředí vědeckých, technických a ekonomických informací 1985
Serie:Řada Projekce
Tags: Aggiungi Tag
Nessun Tag, puoi essere il primo ad aggiungerne!!

MARC

LEADER 00000nam a2200000 4500
001 c106995
005 20251204121815.1
041 0 |a cze 
044 |a CZ 
245 1 0 |a Technologie automatizovaného zpracování faktografických informací 2  |b přehled prostředků SÚTZ pro realizaci AFIS : dodatky k pořízování vstupních dat metodou OCH : konverze a formálne logické kontroly vstupních dat : komunikace s bankou dat SESAM  |c Miloslav Jančařík, Tomáš Nykl 
264 1 |a Praha  |b Ústředí vědeckých, technických a ekonomických informací  |c 1985 
300 |a 48 s. 
490 1 |a Řada Projekce 
830 0 |a Řada Projekce 
100 1 |a Jančařík, Miloslav 
700 1 |a Nykl, Tomáš